书目信息 |
| 题名: |
实用妇科学
|
|
| 作者: | ;山东省人民医院 主编 | |
| 分册: | ||
| 出版信息: | 济南 山东科学技术出版社 1978 |
|
| 页数: | 738页 | |
| 开本: | 26cm | |
| 丛书名: | ||
| 单 册: | ||
| 中图分类: | R711 | |
| 科图分类: | ||
| 主题词: | 妇科学 | |
| 电子资源: | ||
| ISBN: | ||
| 000 | 00638nam0 2200241 45 | |
| 001 | 0178001050 | |
| 005 | 20040521153713.0 | |
| 010 | @dCNY4.90 | |
| 091 | @a14195.17 | |
| 100 | @a19950803d1978 em y0chiy0121 ea | |
| 101 | 0 | @achi |
| 102 | @aCN@b370000 | |
| 105 | @ay z 000yy | |
| 106 | @ar | |
| 200 | 10 | @a实用妇科学@Ashi yong fu ke xue@f山东省人民医院等主编 |
| 210 | @a济南@c山东科学技术出版社@d1978 | |
| 215 | @a738页@d26cm | |
| 517 | 1 | @a妇科学@Afu ke xue |
| 606 | @a妇科学 | |
| 690 | @aR711@v3 | |
| 711 | 02 | @a山东省人民医院@Ashan dong sheng ren min yi yuan@4主编 |
| 801 | 0 | @aCN@bNLC@c20040521 |
| 905 | @f1@b19524@dR711@e2 | |
| 实用妇科学/山东省人民医院等主编.-济南:山东科学技术出版社,1978 |
| 738页;26cm |
| ISBN :CNY4.90 |
| ● |
| 相关链接 |
|
|
|
|
正题名:实用妇科学
索取号:R711/2
 
预约/预借
| 序号 | 登录号 | 条形码 | 馆藏地/架位号 | 状态 | 备注 |
| 1 | 0019524 | 000716041 | 第三借阅区/ [索取号:R711/2] | 在馆 |